000 00507nam a2200193Ia 4500
003 OSt
005 20250128105846.0
008 210210b1978 xxu||||| |||| 00| 0 eng d
040 _cAL
041 _aKannada
082 _aK894.2 SHRK
100 _aSHRIRANGA
_9136835
_dಶ್ರೀರಂಗ
245 _aKattale Belaku..
_bಕತ್ತಲೆ ಬೆಳಕು
260 _aMaisuru
_bSuruchi Prakashana
_c1978
300 _a69
690 _aKannada Drama
_9136836
906 _aSG01096
942 _2ddc
_cBK
999 _c112505
_d112505